Grandes silencios y grandes ausencias /

Bewaard in:
Bibliografische gegevens
Hoofdauteur: Jaworski, Hélan
Formaat: Texto
Onderwerpen:
Tags: Voeg label toe
Geen labels, Wees de eerste die dit record labelt!

MARC

LEADER 00000 a a2200000 04500
001 18209
003
040
100 |a Jaworski, Hélan  
245 |a Grandes silencios y grandes ausencias /  |c Hélan Jaworski 
650 |a GOBIERNO  
650 |a EVALUACION  
650 |a PERU  
773 |g número 101; páginas 11-15  
999 |c 31831  |d 31831